The mainstream law reports : a monthly legal journal. Volume XIX /

গ্রন্থ-পঞ্জীর বিবরন
সংস্থা লেখক: Bangladesh. Supreme Court. High Court Division, Bangladesh. Supreme Court. Appellate Division
অন্যান্য লেখক: Abu Bakar, Khondaker Muhammad, Shariful Islam, Khondaker, Shaikh, Taj Mohammad
বিন্যাস: পত্রিকা
ভাষা:English
Bengali
প্রকাশিত: Dhaka : Mainstream printing and publicaitons, 2014-
বিষয়গুলি:
LEADER 01684nas a2200361 4500
001 29711
003 BD-DhAAL
005 20250923102407.0
008 150818s2014 bg mr p g w 0 0eng d
040 |a BD-DhAAL  |c BD-DhAAL  |d BD-DhAAL 
041 0 |a eng  |a ben 
082 0 0 |a 348.5492046 
245 0 4 |a The mainstream law reports :  |b a monthly legal journal.  |n Volume XIX /  |c edited by Khondaker Md. Abu Bakar (founder editor) ; Khondaker Shariful Islam (editor) ; Taj Mohammad Shaikh (acting editor). 
246 3 0 |a MLR 
260 |a Dhaka :  |b Mainstream printing and publicaitons,   |c 2014- 
300 |a v. ;  |c 25 cm 
310 |a Monthly, with an annual cumulation 
362 0 |a Vol. 19 (2014)- 
500 |a Cumulated in an annual bound volume. 
541 |e 29711 
546 |a In English; includes some text in Bengali. 
650 0 |a Law reports, digests, etc.   |z Bangladesh.  |9 5827 
650 0 |a Law   |z Bangladesh   |v Periodicals.  |9 3852 
700 1 |a Abu Bakar, Khondaker Muhammad.  |9 59442 
700 1 |a Shariful Islam, Khondaker  |9 13931 
700 1 |a Shaikh, Taj Mohammad  |9 13932 
710 1 |a Bangladesh.   |b Supreme Court.   |b High Court Division.  |9 3854 
710 1 |a Bangladesh.   |b Supreme Court.   |b Appellate Division.  |9 3855 
852 4 |a Ayesha Abed Library 
942 |2 ddc  |c 1HOUR 
999 |c 35280  |d 35280 
952 |0 0  |1 0  |2 ddc  |4 0  |6 348_549204600000000_MAI  |7 0  |9 55368  |a BRACUL  |b BRACUL  |c REF  |d 2015-08-18  |e Karim International  |g 1080.00  |l 0  |o 348.5492046 MAI  |p 3010029711  |r 2015-08-18  |t 1  |w 2015-08-18  |y 1HOUR 
952 |0 0  |1 0  |2 ddc  |4 0  |6 348_549204600000000_MAI  |7 0  |9 55369  |a BRACUL  |b BRACUL  |c REF  |d 2015-08-18  |e Karim International  |g 1080.00  |l 0  |o 348.5492046 MAI  |p 3010029712  |r 2015-08-18  |t 2  |w 2015-08-18  |y 1HOUR